| 000 | 00781nam a22002057a 4500 | ||
|---|---|---|---|
| 003 | NUST-PNEC | ||
| 005 | 20170116180711.0 | ||
| 008 | 141009b xxu||||| |||| 00| 0 eng d | ||
| 020 | _a8123913656 | ||
| 040 | _cPNEC | ||
| 082 | _a671.732 DUR | ||
| 100 |
_9534 _aDurney, Lawrence J. |
||
| 245 |
_aElectroplating engineering handbook = Graham's electroplating engineering handbook _cLawrence J. Durney |
||
| 250 | _a4th ed. | ||
| 260 |
_aNew York : _bVan Nostrand Reinhold, _c 2000. |
||
| 300 |
_aIX, 790 p. : _b ill., _c26 cm. |
||
| 500 | _aIncludes Index http://www.amazon.com/Grahams-Electroplating-Engineering-Handbook-Edition/dp/8123913656/ref=sr_1_1?ie=UTF8&qid=1412837365&sr=8-1&keywords=graham%27s+electroplating+engineering+handbook | ||
| 650 | _xME | ||
| 942 |
_2ddc _cBK |
||
| 999 |
_c60951 _d60951 |
||